कर्मयोग है कर्मों द्वारा प्रभु की पूजा / (Record no. 33192)

MARC details
000 -LEADER
fixed length control field 01237nam a22002537a 4500
005 - DATE AND TIME OF LATEST TRANSACTION
control field 20190408131729.0
008 - FIXED-LENGTH DATA ELEMENTS--GENERAL INFORMATION
fixed length control field 091209t xxu||||| |||| 00| 0 hin d
010 ## - LCCN (DPL NO)
LC control number HIN-88815
020 ## - INTERNATIONAL STANDARD BOOK NUMBER
Terms of availability 200.00
International Standard Book Number 8190272446
035 ## - SYSTEM CONTROL NUMBER
System control number HN-61161, B-197269
037 ## - SOURCE OF ACQUISITION
Source of stock number/acquisition DBAD / PUB
040 ## - CATALOGING SOURCE
Original cataloging agency DPL
Language of cataloging HN
082 ## - DEWEY DECIMAL CLASSIFICATION NUMBER
Classification number 181.46
100 ## - MAIN ENTRY--PERSONAL NAME
Personal name भारद्वाज, भगवानशरण
9 (RLIN) 41447
245 ## - TITLE STATEMENT
Title कर्मयोग है कर्मों द्वारा प्रभु की पूजा /
Statement of responsibility, etc भगवानशरण भारद्वाज
246 ## - VARYING FORM OF TITLE
Title proper/short title Karmayoga hai karmon dwara prabhu ki pooja
Remainder of title by B.S.Bharadwaj
260 ## - PUBLICATION, DISTRIBUTION, ETC. (IMPRINT)
Place of publication, distribution, etc दिल्ली
Name of publisher, distributor, etc लोकहित प्रकाशन
Date of publication, distribution, etc 2008
270 ## - ADDRESS
Address डी-585/12, अशोक नगर, गली नं.2, निकट वजीराबाद रोड, शाहदरा
City दिल्ली
Postal code 110093
Telephone number 9818812384
300 ## - PHYSICAL DESCRIPTION
Extent 134पृ
Dimensions 22सेमी (सजिल्द)
650 ## - SUBJECT ADDED ENTRY--TOPICAL TERM
Topical term or geographic name as entry element कर्मयोग
9 (RLIN) 41448
650 ## - SUBJECT ADDED ENTRY--TOPICAL TERM
Topical term or geographic name as entry element भगवदगीता
General subdivision समालोचना, व्याख्या
9 (RLIN) 41449
651 ## - SUBJECT ADDED ENTRY--GEOGRAPHIC NAME
Geographic name भारत
General subdivision इतिहास
9 (RLIN) 41450
942 ## - ADDED ENTRY ELEMENTS (KOHA)
Source of classification or shelving scheme Dewey Decimal Classification
Item type Hindi Books
Classification part 181.46
Call number suffix भारद्वा
Holdings
Withdrawn status Lost status Source of classification or shelving scheme Damaged status Not for loan Collection code Home library Current library Date acquired Source of acquisition Cost, normal purchase price Total Checkouts Full call number Barcode Date last seen Copy number Cost, replacement price Koha item type
    Dewey Decimal Classification   Not For Loan Non-fiction D.B.Act.Division D.B.Act.Division 18/12/2009 DBAD / PUB 200.00   181.46 भारद्वा HN-61161 18/12/2009 1 200.00 Hindi Books
    Dewey Decimal Classification     Non-fiction Shahdara Branch Shahdara Branch 08/04/2019 BPPD/PUB 150.00 1 181.46 भारद्वा B-197269 18/01/2021   150.00 Hindi Books

© Delhi Public Library
Hit Counter
free hit counter